000 00898cam a22003017a 4500
999 _c29345
_d29345
001 12016279
005 20190306020059.0
008 000324s2000 ke 000 0 eng
010 _a 99894151
020 _a9966250263
035 _a(DLC) 99894151
040 _aDLC
_cDLC
_dDLC
042 _alcode
050 0 0 _aMLCS 2000/01035 (P)
100 1 _aMangua, Charles.
240 1 0 _aKanina and I
245 1 0 _aKenyatta's jiggers /
_cCharles Mangua.
260 _aNairobi :
_bSpear Books,
_c2000.
300 _a276 p. ;
_c18 cm.
490 1 _aSpear books
500 _aOriginally published: Kanina and I. 1994.
700 1 _aMangua, Charles.
_tKanina and I.
830 0 _aSpear books series
906 _a7
_bcbc
_corigode
_d3
_encip
_f19
_gy-gencatlg
942 _2lcc
_cAFRICANA
_01